000 01756cam a2200481 4500500
005 20260111053121.0
041 _afre
042 _adc
100 1 0 _aBary, Nicole
_eauthor
700 1 0 _aGoudot, Marie
_eauthor
700 1 0 _aLe Maître, Anne
_eauthor
700 1 0 _aLang, Milène
_eauthor
700 1 0 _aJenni, Alexis
_eauthor
700 1 0 _aLemaire, Jean-Pierre
_eauthor
700 1 0 _aPerrot, Étienne
_eauthor
700 1 0 _aSkoric, Arthur
_eauthor
700 1 0 _aMusco, Jonas
_eauthor
700 1 0 _aDolbeau, Samuel
_eauthor
700 1 0 _aEuvé, François
_eauthor
700 1 0 _aPourquery, Didier
_eauthor
700 1 0 _aLévy-Bruhl, Milo
_eauthor
700 1 0 _aPoulle, Jean-Benoît
_eauthor
700 1 0 _aBrowaeys, Dorothée
_eauthor
700 1 0 _aAlombert, Anne
_eauthor
700 1 0 _aRibereau-Gayon, Philippe
_eauthor
700 1 0 _aBresch, Clément
_eauthor
700 1 0 _aBureau, Étienne
_eauthor
700 1 0 _ade Charentenay, Pierre
_eauthor
700 1 0 _aSchumacher, Julio
_eauthor
700 1 0 _aCirefice, Virgile
_eauthor
700 1 0 _aCorman, Antoine
_eauthor
700 1 0 _aPierron, Jean-Philippe
_eauthor
700 1 0 _aGlaise, Anthony
_eauthor
700 1 0 _aTroude-Chastenet, Patrick
_eauthor
700 1 0 _aPlusquellec, Florent
_eauthor
700 1 0 _aBaujard, Monique
_eauthor
245 0 0 _aNew releases
260 _c2025.
500 _a69
520 _aIn Paris, the Fondation Louis-Vuitton is dedicating a retrospective exhibition to a key figure of Pop Art, but who is less well known than other emblematic representatives of the movement.
786 0 _nÉtudes | Février | 2 | 2025-01-24 | p. 121-144 | 0014-1941
856 4 1 _uhttps://shs.cairn.info/revue-etudes-2025-2-page-121?lang=en&redirect-ssocas=7080
999 _c1613683
_d1613683